000
00291nam a22001097a 4500
008
230620b xxu||||| |||| 00| 0 eng d
082
_2
3
_a
321.4
_b
BRA 1947
245
_a
Democracy in the Dominions
260
_a
Canada
_b
The University of Toronto Press
_c
1947
300
_a
614p
942
_2
ddc
_c
BK
999
_c
1861
_d
1861